| 000 | 00624nam a22001937a 4500 | ||
|---|---|---|---|
| 999 |
_c15235 _d15235 |
||
| 003 | OSt | ||
| 082 | _2631.75807 MAN/DE | ||
| 088 | _aP 100 | ||
| 100 |
_aMANJULA UNNIKRISHNAN _92827 |
||
| 245 | _aDevelopment of a water balance model for hill slopes | ||
| 260 |
_aTavanur 2000 _bKelappaji College of Agricultural Engineering and Technology |
||
| 300 | _a73 | ||
| 500 | _aDevelopment of a water balance model for hill slopes | ||
| 520 | _aDevelopment of a water balance model for hill slopes | ||
| 700 |
_aShamla Rasheed _92828 |
||
| 700 |
_aSindhu T. V _92829 |
||
| 700 |
_aDr. Noble Abraham (Guide) _92830 |
||
| 942 | _cPR | ||